Central Library, Doon University
WEBOPAC (ONLINE PUBLIC ACCESS CATALOGUE)

Fundamentals of Digital Marketing (Record no. 60989)

MARC details
000 -LEADER
fixed length control field 00485nam a22001937a 4500
005 - DATE & TIME
control field 20260604112445.0
008 - FIXED-LENGTH DATA ELEMENTS--GENERAL INFORMATION
fixed length control field 260604b |||||||| |||| 00| 0 eng d
020 ## - ISBN
International Standard Book Number 9789357059619
Price 700.00
040 ## - CATALOGING SOURCE
Original cataloging agency Doon University
041 ## - Language
Language English
082 ## - DDC NUMBER
Classification number 658.8
Book Number BHA
100 ## - MAIN ENTRY--PERSONAL NAME
Personal name Bhatia, Puneet Singh
245 ## - TITLE STATEMENT
Title Fundamentals of Digital Marketing
250 ## - EDITION STATEMENT
Edition statement 3rd
260 ## - PUBLICATION, DISTRIBUTION, ETC. (IMPRINT)
Place of publication, distribution, etc New Delhi
Name of publisher, distributor, etc Pearson
Date of publication, distribution, etc 2023
300 ## - PHYSICAL DESCRIPTION
Pages 488
650 ## - Subject
Subject Commerce (PM USHA)
942 ## - ADDED ENTRY ELEMENTS (KOHA)
Koha item type Books
100 ## - MAIN ENTRY--PERSONAL NAME
-- 14792
650 ## - Subject
-- 26705
952 ## - LOCATION AND ITEM INFORMATION (KOHA)
-- 2026-06-04
952 ## - LOCATION AND ITEM INFORMATION (KOHA)
-- 2026-06-04
952 ## - LOCATION AND ITEM INFORMATION (KOHA)
-- 2026-06-04
952 ## - LOCATION AND ITEM INFORMATION (KOHA)
-- 2026-06-04
952 ## - LOCATION AND ITEM INFORMATION (KOHA)
-- 2026-06-04
952 ## - LOCATION AND ITEM INFORMATION (KOHA)
-- 2026-06-04
952 ## - LOCATION AND ITEM INFORMATION (KOHA)
-- 2026-06-04
952 ## - LOCATION AND ITEM INFORMATION (KOHA)
-- 2026-06-04
952 ## - LOCATION AND ITEM INFORMATION (KOHA)
-- 2026-06-04
952 ## - LOCATION AND ITEM INFORMATION (KOHA)
-- 2026-06-04
Holdings
Withdrawn status Lost status Source of classification or shelving scheme Damaged status Not for loan Location (home branch) Sublocation or collection (holding branch) Date acquired Koha full call number Accession No. Koha date last seen Koha item type Koha issues (times borrowed)
        Not For Loan Doon University Doon University 04.06.2026 658.8 BHA 34588 04.06.2026 Reference  
          Doon University Doon University 04.06.2026 658.8 BHA 34589 04.06.2026 Books  
          Doon University Doon University 04.06.2026 658.8 BHA 34590 04.06.2026 Books  
          Doon University Doon University 04.06.2026 658.8 BHA 34591 04.06.2026 Books  
          Doon University Doon University 04.06.2026 658.8 BHA 34592 04.06.2026 Books  
          Doon University Doon University 04.06.2026 658.8 BHA 34593 04.06.2026 Books  
          Doon University Doon University 04.06.2026 658.8 BHA 34594 04.06.2026 Books  
          Doon University Doon University 04.06.2026 658.8 BHA 34595 04.06.2026 Books  
          Doon University Doon University 04.06.2026 658.8 BHA 34596 04.06.2026 Books  
          Doon University Doon University 04.06.2026 658.8 BHA 34597 04.06.2026 Books  
Contact : +91-135-2533126 (Library),+91-135-2533105 (Admin Office) , Email : doonlibrary@gmail.com

Powered by Koha